| 000 | 00574nam a22002057a 4500 | ||
|---|---|---|---|
| 003 | OSt | ||
| 005 | 20170120173745.0 | ||
| 008 | 170120b xxu||||| |||| 00| 0 eng d | ||
| 020 | _a0748763821 | ||
| 040 | _cDMLN | ||
| 082 | _aWS113 B38b 2001 | ||
| 100 |
_aBeaver, Marian [et...al] _911421 |
||
| 245 | _aBabies and Young Children: diploma in child care and education | ||
| 260 | _aCheltenham; Nelson Thornes, 2001 | ||
| 300 | _axv,694p; ill: 27cm | ||
| 504 | _aGlossary, & index included | ||
| 650 |
_aChildren _943 |
||
| 650 |
_aEducation _91404 |
||
| 942 |
_2z _cN_PAPAER |
||
| 999 |
_c5469 _d5469 |
||